000 nam a22 7a 4500
999 _c71437
_d71437
003 PILC
005 20180222090553.0
008 180221b1990 xxu||||| |||| 00| 0 eng d
010 _aAcc#27687
020 _a9711004143
040 _cPhilippine Baptist Theological Seminary
050 _aFil PN 6231 .P65
_bB37 1990
100 _aBascom, Tim
_eauthor
245 1 0 _aSquatters' rites : a novel /
_cby Tim Boscom
264 _aQuezon City, Philippines :
_bNew Day Publishers,
_c1990
300 _a100 pages ;
_c22 cm
650 _aSquatters
_zPhilippines
650 _aSquatters settlements
650 _aPhilippine fiction (English)
942 _2ddc
_cCB